Dress to Impress Ranks - Statistics

General Stats
  • This quiz has been taken 254 times
  • The average score is 8 of 10
Answer Stats
Answer % Correct
New Model
89%
Top Model
84%
Trendsetter
84%
Fashionista
82%
Glamourista
78%
Fashion Maven
74%
Runway Queen
72%
Rising Star
68%
Runway Diva
67%
Aspiring Model
66%
No matching quizzes found
Score Distribution
Percent of People with Each Score
Percentile by Number Answered
Your Score History
You have not taken this quiz